Histoire de l'art: l'art moderne

Saved in:
Bibliographic Details
Main Author: Faure, Elie (Author)
Format: Book
Language:French
Published: París Jean-Pierre Faure 1964
Subjects:
Tags: Add Tag
No Tags, Be the first to tag this record!

MARC

LEADER 00000cam a2200000 a 4500
001 UCP8669
003 CL-VaPUC
008 000310e19640000FR |||||||||||||||||fre|d
082 0 4 |a 701.1  |b FAU  |2 21 
100 0 |a Faure, Elie  |e author  |9 438772 
245 1 0 |a Histoire de l'art: l'art moderne 
300 |a 2 v 
942 |c BK 
945 |d 20000310 00:00:00  |a crobeson 
260 |a París  |b Jean-Pierre Faure  |c 1964 
650 0 |a Arte   |v Historia  |9 267548 
650 0 |a Arte moderno  |9 265333 
650 0 |a Arte contemporáneo  |9 338008 
650 0 |a Romanticismo   |9 266698 
650 0 |a Materialismo  |9 265687 
583 |a last modification  |c 20140710 08:59:22  |k Rodrigo Vera 
999 |c 285560  |d 285558 
952 |0 0  |1 0  |4 0  |6 701_100000000000000_FAU_1964  |7 0  |8 X  |9 330247  |a BIBHIS  |b BIBHIS  |d 2019-11-20  |h v.1  |i 1391046  |o 701.1 FAU 1964  |p 1391046  |r 2024-01-30  |w 2019-11-20  |y BK_X  |k HIS 
952 |0 0  |1 0  |4 0  |6 701_100000000000000_FAU_1964  |7 0  |8 X  |9 330248  |a BIBHIS  |b BIBHIS  |d 2019-11-20  |h v.2  |i 1391054  |o 701.1 FAU 1964  |p 1391054  |r 2024-01-30  |w 2019-11-20  |y BK_X  |k HIS 
952 |0 0  |1 0  |3 erb  |4 0  |6 701_100000000000000_FAU_1964  |7 0  |8 A  |9 330249  |a BIBART  |b BIBART  |h v.1  |i 5056314  |o 701.1 FAU 1964  |p 5056314  |r 2025-03-13  |w 2019-11-20  |y BK  |z Catalogado en:20140710  |k ART 
952 |0 0  |1 0  |3 erb  |4 0  |6 701_100000000000000_FAU_1964  |7 0  |8 A  |9 330250  |a BIBART  |b BIBART  |h v.2  |i 5056322  |o 701.1 FAU 1964  |p 5056322  |r 2025-03-13  |w 2019-11-20  |y BK  |z Catalogado en:20140710  |k ART